| 000 | 00498nam a2200205Ia 4500 | ||
|---|---|---|---|
| 003 | OSt | ||
| 005 | 20140507094357.0 | ||
| 008 | 140130s9999 xx 000 0 und d | ||
| 020 | _a0516420674 | ||
| 050 |
_aPZ 8.3 _b.Sn673Eat 1985 |
||
| 100 | _aSnow, Pegeen | ||
| 245 |
_cPegeen Snow _aEat your peas, louise! / |
||
| 260 |
_bScholastic, _c1985. _aNew York : |
||
| 300 |
_a40 p. : _bcol. ill. ; _c19 cm. |
||
| 440 | _v1 | ||
| 521 | _aG1 | ||
| 526 | _c150 | ||
| 942 |
_cBK _2lcc |
||
| 999 |
_c39875 _d39875 |
||